MARC

LEADER 00000nam0a2200000 4500
001 209746
005 20231101225550.0
010 |a 0582451620 
035 |a (RuTPU)RU\TPU\book\229090 
035 |a RU\TPU\book\228596 
090 |a 209746 
100 |a 20120215d2002 m y0engy50 ba 
101 0 |a eng 
102 |a GB 
105 |a a j 000zy 
200 1 |a Test Your Professional English. Secretarial  |f A. Pohl 
210 |a Harlow  |c Penguin English  |d 2002 
215 |a 105 p.  |c il. 
225 1 |a Test Your 
606 1 |a Английский язык  |x Учебные руководства и пособия  |x Пособия по развитию речи, разговорники  |2 stltpush  |3 (RuTPU)RU\TPU\subj\29074  |9 52486 
610 1 |a лексика 
610 1 |a разговорная лексика 
610 1 |a разговорная речь 
610 1 |a разговорный язык 
610 1 |a разговорные темы 
686 |a Ш143.21-923.4  |v LBC/SL-A  |2 rubbk 
700 1 |a Pohl  |b A.  |g Alison 
801 1 |a RU  |b 63413507  |c 20120208 
801 2 |a RU  |b 63413507  |c 20120228  |g RCR 
942 |c BK